[Event "Reykjavik Open 2015"]
[Site "Reykjavik ISL"]
[Date "2015.03.15"]
[Round "7.110"]
[White "Roser, Ludwig"]
[Black "Davidsson, Oskar Vikingur"]
[Result "1/2-1/2"]
[WhiteElo "1802"]
[BlackElo "1454"]
[WhiteFideId "12928119"]
[BlackFideId "2310627"]
[EventDate "2015.03.10"]

1. d4 Nf6 2. Nf3 e6 3. e3 b6 4. Bd3 Bb7 5. Nbd2 d5 6. Ne5 Nbd7 7. f4 Be7 8. O-O
Nxe5 9. fxe5 Nd7 10. Qh5 g6 11. Qe2 O-O 12. c3 c5 13. Nf3 c4 14. Bc2 f5 15. exf6
Bxf6 16. e4 Qe7 17. Bh6 Bg7 18. Bxg7 Kxg7 19. e5 Rf7 20. Qe3 h6 21. g3 Raf8 22.
Nh4 Rxf1+ 23. Rxf1 Rxf1+ 24. Kxf1 g5 25. Ng2 Qf7+ 26. Qf2 Qxf2+ 27. Kxf2 b5 28.
Ne1 Nf8 29. Bd1 Bc6 30. Bh5 Nd7 31. Ke2 Nb6 32. Kd2 a5 33. a3 Kf8 34. Ng2 Nc8
35. Ne3 Ne7 36. Ng4 Ng8 37. Ne3 Ne7 38. Bg4 Bd7 39. Kc2 Kg7 40. h4 Kg6 41. h5+
Kf7 42. Bh3 Ke8 43. Kd2 Kf7 44. g4 Ke8 1/2-1/2

[Event "Reykjavik Open 2015"]
[Site "Reykjavik ISL"]
[Date "2015.03.15"]
[Round "7.112"]
[White "Opasiak, Dustin Tennessee"]
[Black "Chadwick, Susan E"]
[Result "1-0"]
[WhiteElo "1781"]
[BlackElo "1370"]
[WhiteFideId "24630217"]
[BlackFideId "407305"]
[EventDate "2015.03.10"]

1. e4 c5 2. Nf3 d6 3. Bb5+ Bd7 4. a4 Nf6 5. Nc3 g6 6. O-O Bg7 7. Re1 a6 8. Bxd7+
Nbxd7 9. d3 O-O 10. h3 Rb8 11. a5 b5 12. axb6 Qxb6 13. Na4 Qb7 14. Bd2 e5 15.
Ra3 Qc8 16. c4 Nh5 17. Qc1 Nf4 18. Qc2 Nf6 19. Bxf4 exf4 20. Nc3 Re8 21. Rea1
Qb7 22. R1a2 Nd7 23. Rxa6 Qb3 24. Qc1 Ne5 25. Nxe5 Bxe5 26. R6a3 Qb6 27. Nb5 Qd8
28. Qd1 Qf6 29. Ra6 Re7 30. Ra8 Rxa8 31. Rxa8+ Kg7 32. b3 Qh4 33. Qg4 Qxg4 34.
hxg4 Kf6 35. f3 Rb7 36. Ra7 Rb6 37. Kf1 Ke6 38. Ke2 Kf6 39. Kd2 Ke6 40. Nc7+ Kd7
41. Nd5+ Kc6 42. Ne7# 1-0

[Event "Reykjavik Open 2015"]
[Site "Reykjavik ISL"]
[Date "2015.03.15"]
[Round "7.114"]
[White "Sigurdsson, Birkir Karl"]
[Black "Kristjansson, Halldor Atli"]
[Result "0-1"]
[WhiteElo "1767"]
[BlackElo "1335"]
[WhiteFideId "2304180"]
[BlackFideId "2310988"]
[EventDate "2015.03.10"]

1. Nf3 d5 2. d4 Nf6 3. c4 Bf5 4. Nc3 e6 5. cxd5 exd5 6. Bg5 Nbd7 7. Nxd5 Bd6 8.
e3 c6 9. Nc3 Qc7 10. h3 h6 11. Bxf6 Nxf6 12. Bd3 Be6 13. e4 Nh5 14. e5 Be7 15.
Qd2 g5 16. O-O-O O-O-O 17. g4 Nf4 18. Bf5 Qd7 19. Qc2 Kb8 20. Kb1 Bb4 21. Bxe6
Nxe6 22. Qb3 Bxc3 23. bxc3 Qd5 24. Qxd5 Rxd5 25. c4 Rd7 26. d5 Rhd8 27. d6 f6
28. Rhe1 fxe5 29. Nxe5 Rxd6 30. Rxd6 Rxd6 31. Nf7 Rd7 32. Nxh6 Nf4 33. h4 gxh4
34. Rh1 h3 35. Kc2 Re7 36. Rh2 Rg7 37. f3 Re7 38. Kd2 Re2+ 39. Rxe2 Nxe2 40. g5
h2 0-1

[Event "Reykjavik Open 2015"]
[Site "Reykjavik ISL"]
[Date "2015.03.15"]
[Round "7.116"]
[White "Kruglyak, Mikhail"]
[Black "Lemery, Jon Thor"]
[Result "1-0"]
[WhiteElo "1775"]
[BlackElo "1273"]
[WhiteFideId "2082896"]
[BlackFideId "2313499"]
[EventDate "2015.03.10"]

1. d4 Nf6 2. Nf3 d5 3. g3 Bf5 4. e3 e6 5. c4 c6 6. Nc3 Bb4 7. a3 Bxc3+ 8. bxc3
Ne4 9. Nh4 Qf6 10. f3 Bg4 11. Bg2 Bh5 12. O-O Nd6 13. cxd5 exd5 14. e4 dxe4 15.
Qb3 g5 16. fxe4 Qe7 17. Nf5 Nxf5 18. Rxf5 f6 19. a4 Bf7 20. c4 Qd7 21. Bb2 Qe7
22. Raf1 Nd7 23. Qc3 O-O-O 24. e5 Bg6 25. exf6 Qe6 26. Rxg5 Rhf8 27. d5 Qd6 28.
dxc6 bxc6 29. Ba3 c5 30. Qf3 Qb8 31. Bh3 Kc7 32. Bxd7 Kxd7 33. Bxc5 Rf7 34. Rd1+
Kc8 35. Rxd8+ Kxd8 36. Be7+ Rxe7 37. fxe7+ Kxe7 38. Qe3+ Kd7 39. Rd5+ Kc8 40.
Qe6+ Kc7 41. Rd7+ Kc8 1-0

[Event "Reykjavik Open 2015"]
[Site "Reykjavik ISL"]
[Date "2015.03.15"]
[Round "7.117"]
[White "Luu, Robert"]
[Black "Rist, Karl-Johan"]
[Result "1-0"]
[WhiteElo "1362"]
[BlackElo "1677"]
[WhiteFideId "2311798"]
[BlackFideId "1506900"]
[EventDate "2015.03.10"]

1. d4 f5 2. Nf3 Nf6 3. Bg5 e6 4. Nbd2 Be7 5. e3 d6 6. Be2 Nc6 7. c3 O-O 8. O-O
e5 9. dxe5 dxe5 10. Nc4 Nd7 11. Bxe7 Qxe7 12. h3 Nf6 13. Qc2 Bd7 14. Rad1 Rad8
15. Qb3 Be6 16. Qxb7 Rxd1 17. Rxd1 Nd8 18. Qxa7 Bxc4 19. Bxc4+ Kh8 20. Qa4 Qc5
21. Qb4 Qxb4 22. cxb4 e4 23. Ne5 g6 24. Nd7 Nxd7 25. Rxd7 Nc6 26. Rxc7 Nxb4 27.
a3 Nc2 28. Be2 Ne1 29. Kf1 Nd3 30. Bxd3 1-0

[Event "Reykjavik Open 2015"]
[Site "Reykjavik ISL"]
[Date "2015.03.15"]
[Round "7.118"]
[White "Steinthorsson, Felix"]
[Black "Mai, Aron Thor"]
[Result "1-0"]
[WhiteElo "1634"]
[BlackElo "1320"]
[WhiteFideId "2310040"]
[BlackFideId "2313383"]
[EventDate "2015.03.10"]

1. d4 Nf6 2. Bg5 c5 3. Bxf6 gxf6 4. Nc3 Qa5 5. e3 Bg7 6. Nf3 O-O 7. Bd3 Nc6 8.
Qe2 cxd4 9. Nxd4 Ne5 10. f4 Nxd3+ 11. cxd3 d5 12. O-O e5 13. fxe5 fxe5 14. Nf5
Bxf5 15. Rxf5 Rad8 16. Rg5 Rd6 17. Rf1 Qd8 18. Qg4 Rg6 19. Rxg6 hxg6 20. Qb4 d4
21. exd4 Qxd4+ 22. Qxd4 exd4 23. Ne2 Rd8 24. Rc1 Rd7 25. Rc4 f5 26. Ra4 b6 27.
Rc4 Kf7 28. Kf2 Be5 29. g3 Ke6 30. h4 Rd5 31. b4 Rd7 32. Kf3 Kf7 33. Rc6 Kg7 34.
Nf4 Bxf4 35. Kxf4 Kf7 36. Kg5 Re7 37. Rf6+ Ke8 38. Rxg6 Re3 39. Kxf5 Rxd3 40. h5
Rd2 41. h6 Rf2+ 42. Ke4 Rh2 43. g4 Kf7 44. Rg7+ Kf8 45. g5 Rh4+ 46. Kd3 a5 47.
bxa5 bxa5 48. Ra7 Rh5 49. h7 1-0

[Event "Reykjavik Open 2015"]
[Site "Reykjavik ISL"]
[Date "2015.03.15"]
[Round "7.119"]
[White "Halldorsson, Haukur"]
[Black "Kristbergsson, Bjorgvin"]
[Result "1-0"]
[WhiteElo "1575"]
[BlackElo "1159"]
[WhiteFideId "2305089"]
[BlackFideId "2305232"]
[EventDate "2015.03.10"]

1. c4 c5 2. Nc3 Nf6 3. Nf3 Nc6 4. d4 cxd4 5. Nxd4 h6 6. Nc2 a6 7. e3 e6 8. Be2
g5 9. e4 b6 10. a3 Bb7 11. O-O Rg8 12. h3 Qc7 13. Ne3 Bd6 14. f3 Bh2+ 15. Kh1
Nh5 16. Ng4 Ng3+ 17. Kxh2 h5 18. Nf6+ Kf8 19. Kg1 Rd8 20. Nxg8 Nxf1 21. Bxf1 Qg3
22. Ne2 Qe5 23. Nh6 Qc5+ 24. Kh1 Kg7 25. b4 Qf2 26. Bxg5 f6 27. Bd2 d5 28. cxd5
Ne5 29. Ng1 f5 30. exf5 Bxd5 31. Qc2 Kf6 32. Qc3 exf5 33. Bf4 Re8 34. Re1 Qh4
35. Qd4 Qxe1 36. Qxd5 Qxf1 37. Qd6+ Re6 38. Bxe5+ 1-0

[Event "Reykjavik Open 2015"]
[Site "Reykjavik ISL"]
[Date "2015.03.15"]
[Round "7.122"]
[White "Olsen, William"]
[Black "Starosciak, Adrian"]
[Result "1-0"]
[WhiteElo "1716"]
[BlackElo "1304"]
[WhiteFideId "1518259"]
[BlackFideId "1192140"]
[EventDate "2015.03.10"]

1. d4 d5 2. c4 e6 3. Nc3 Bb4 4. Qc2 Nf6 5. Bg5 Nbd7 6. Nf3 c5 7. e3 Qc7 8. cxd5
Nxd5 9. Rc1 Qa5 10. Nd2 cxd4 11. exd4 O-O 12. Bd3 N7f6 13. O-O Nxc3 14. bxc3
Qxg5 15. cxb4 Bd7 16. Nf3 Qh5 17. Ne5 Rac8 18. Qd2 Ng4 19. h3 Nxe5 20. dxe5 Qxe5
21. Bxh7+ Kxh7 22. Qxd7 Rxc1 23. Rxc1 Qb2 24. Qd3+ Kg8 25. Qb1 Qxb1 26. Rxb1 Rc8
27. Rb2 Kf8 28. Kf1 Ke7 29. Ke2 Rd8 30. Ke3 Kf6 31. Rc2 Rd7 32. f4 g5 33. fxg5+
Kxg5 34. g3 b6 35. Rc8 f5 36. Rg8+ Kf6 37. h4 Rg7 38. Rxg7 Kxg7 39. a4 a6 40. a5
bxa5 41. bxa5 e5 42. Kf3 Kf6 43. Ke3 Kg6 44. Kf2 Kh5 45. Kf3 1-0

[Event "Reykjavik Open 2015"]
[Site "Reykjavik ISL"]
[Date "2015.03.15"]
[Round "7.123"]
[White "Fjallheim, Elmar"]
[Black "Magnusson, Thorsteinn"]
[Result "1-0"]
[WhiteElo "1678"]
[BlackElo "1301"]
[WhiteFideId "7201095"]
[BlackFideId "2310287"]
[EventDate "2015.03.10"]

1. e4 e6 2. d4 d5 3. e5 c5 4. c3 Nc6 5. Nf3 Qb6 6. a3 cxd4 7. cxd4 Nge7 8. b4
Nf5 9. Bb2 Be7 10. Be2 O-O 11. O-O f6 12. Qd3 fxe5 13. dxe5 Nh4 14. Nbd2 Ng6 15.
Bd1 Rf5 16. Re1 Bg5 17. b5 Nce7 18. Bd4 Qc7 19. Nxg5 Rxg5 20. Nf3 Rxg2+ 21. Kh1
Nf4 22. Qd2 Neg6 23. Be3 Qf7 24. Bc2 Rg4 25. Rg1 Nh3 26. Ng5 Nxg5 27. Rxg4 Qf3+
28. Rg2 Nh4 29. Rg1 Nh3 30. Bd1 Qe4 31. f3 Qf5 32. Rxg7+ Kf8 33. Rg8+ Ke7 34.
R1g7+ Qf7 35. Qb4+ 1-0

[Event "Reykjavik Open 2015"]
[Site "Reykjavik ISL"]
[Date "2015.03.15"]
[Round "7.127"]
[White "Kristofersson, Sindri Snaer"]
[Black "Sigurdarson, Alec Elias"]
[Result "0-1"]
[WhiteElo "1224"]
[BlackElo "1348"]
[WhiteFideId "2310732"]
[BlackFideId "2311003"]
[EventDate "2015.03.10"]

1. d4 Nf6 2. c4 g6 3. Nc3 Bg7 4. e4 d6 5. Bg5 O-O 6. Qd2 Re8 7. Nf3 Nbd7 8. Bh6
Bh8 9. Bd3 e5 10. d5 a5 11. O-O-O Nc5 12. Bc2 Nh5 13. Rhg1 Bg4 14. h3 Bxf3 15.
gxf3 Qh4 16. Rh1 Nf4 17. Rdg1 Qxh6 18. Kb1 Qh4 19. Rg4 Qe7 20. h4 h5 21. Rg5 Bf6
22. Rgg1 Bxh4 23. Rh2 Kg7 24. Ne2 Bg5 25. Qd1 Rh8 26. Nxf4 Bxf4 27. Rh3 Qd7 28.
Rh4 b5 29. cxb5 Qxb5 30. Rgh1 Rab8 31. b3 a4 32. Kb2 axb3 33. axb3 Na4+ 34. Ka1
Nc3 35. Qe1 Ra8+ 36. Kb2 Ra2+ 37. Kxc3 Qc5+ 38. Kd3 Qxc2# 0-1

[Event "Reykjavik Open 2015"]
[Site "Reykjavik ISL"]
[Date "2015.03.16"]
[Round "8.5"]
[White "Melkumyan, Hrant"]
[Black "Maze, Sebastien"]
[Result "1-0"]
[WhiteTitle "GM"]
[BlackTitle "GM"]
[WhiteElo "2676"]
[BlackElo "2564"]
[WhiteFideId "13302485"]
[BlackFideId "613762"]
[EventDate "2015.03.10"]

1. d4 Nf6 2. Nf3 g6 3. c4 Bg7 4. g3 c6 5. Bg2 d5 6. cxd5 cxd5 7. Nc3 O-O 8. Ne5
e6 9. O-O Nfd7 10. Nf3 Nc6 11. Bf4 Qb6 12. Na4 Qa6 13. Rc1 b5 14. Nc3 b4 15. Na4
Bb7 16. b3 Rfc8 17. Qd2 Qb5 18. Rc2 Ne7 19. Bc7 Nc6 20. Bd6 Nf6 21. Bc5 Ne4 22.
Qf4 Ba6 23. Rfc1 Qb8 24. Qxb8 Raxb8 25. Bf1 Bb5 26. e3 a6 27. Bxb5 axb5 28. Nb2
Nc3 29. Nd3 Ra8 30. a3 Bf8 31. Bxb4 Nxb4 32. axb4 Bxb4 33. Nxb4 Ne2+ 34. Rxe2
Rxc1+ 35. Kg2 Rb1 36. Nd2 Rb2 37. Kf1 h5 38. f3 h4 39. gxh4 Kg7 40. e4 dxe4 41.
fxe4 Rh8 42. Nd3 Rc2 43. Ne1 Rc1 44. Nf3 Rb1 45. Re3 f6 46. Rd3 Kf7 47. e5 1-0

[Event "Reykjavik Open 2015"]
[Site "Reykjavik ISL"]
[Date "2015.03.16"]
[Round "8.6"]
[White "Stopa, Jacek"]
[Black "Movsesian, Sergei"]
[Result "1/2-1/2"]
[WhiteTitle "IM"]
[BlackTitle "GM"]
[WhiteElo "2544"]
[BlackElo "2665"]
[WhiteFideId "1119591"]
[BlackFideId "310204"]
[EventDate "2015.03.10"]

1. d4 Nf6 2. c4 e6 3. Nc3 Bb4 4. f3 d5 5. a3 Bxc3+ 6. bxc3 c5 7. cxd5 exd5 8. e3
c4 9. g4 Nc6 10. Ne2 Na5 11. Bg2 Nb3 12. Ra2 h5 13. g5 Ng8 14. e4 h4 15. O-O Ne7
16. h3 Nxc1 17. Qxc1 O-O 18. Qe1 dxe4 19. fxe4 Ng6 20. Nf4 Qxg5 21. Nxg6 fxg6
22. Rxf8+ Kxf8 23. Qf1+ Kg8 24. Qxc4+ Kh7 25. Qd3 Qc1+ 26. Kh2 Qf4+ 27. Kh1 Qc1+
28. Kh2 Qf4+ 29. Kh1 Qc1+ 30. Kh2 1/2-1/2

[Event "Reykjavik Open 2015"]
[Site "Reykjavik ISL"]
[Date "2015.03.16"]
[Round "8.11"]
[White "Abdumalik, Zhansaya"]
[Black "Steingrimsson, Hedinn"]
[Result "1-0"]
[WhiteTitle "WGM"]
[BlackTitle "GM"]
[WhiteElo "2379"]
[BlackElo "2530"]
[WhiteFideId "13703544"]
[BlackFideId "2300117"]
[EventDate "2015.03.10"]

1. e4 c5 2. Nf3 d6 3. d4 cxd4 4. Nxd4 Nf6 5. Nc3 a6 6. h3 e6 7. g4 Be7 8. Bg2
Nfd7 9. Be3 Nc6 10. O-O Nde5 11. Qe2 g5 12. f4 gxf4 13. Rxf4 h5 14. gxh5 Bg5 15.
Nxc6 bxc6 16. Rf2 Rxh5 17. Rd1 Bxe3 18. Qxe3 Bb7 19. Qd2 d5 20. Qe3 Qc7 21. Na4
O-O-O 22. Nc5 Rg8 23. b3 Qb6 24. Re1 Ba8 25. Kf1 Rg7 26. Qc3 Qb5+ 27. Ree2 a5
28. exd5 exd5 29. Nd3 d4 30. Qxd4 c5 31. Qd6 Bxg2+ 32. Rxg2 Rxg2 33. Rxg2 Rf5+
34. Ke2 Ng6 35. Kd2 Qd7 36. Qa6+ Kb8 37. Qxa5 Kb7 38. Rg4 Nf4 39. Rg8 Nxd3 40.
Qa8+ Kc7 41. Qb8+ Kc6 42. Rc8+ Kd5 43. Rd8 Ne5 44. Rxd7+ Nxd7 45. Qb7+ Kd6 46.
a4 Rf2+ 47. Kc3 Nf6 48. Qb6+ Kd5 49. a5 Ne4+ 50. Kb2 Kd4 51. a6 Nc3 52. Qd6+ Ke4 1-0

[Event "Reykjavik Open 2015"]
[Site "Reykjavik ISL"]
[Date "2015.03.16"]
[Round "8.24"]
[White "Akesson, Ralf"]
[Black "Antal, Tibor Kende"]
[Result "1/2-1/2"]
[WhiteTitle "GM"]
[BlackTitle "FM"]
[WhiteElo "2456"]
[BlackElo "2317"]
[WhiteFideId "1700120"]
[BlackFideId "738581"]
[EventDate "2015.03.10"]

1. d4 Nf6 2. c4 e6 3. Nc3 Bb4 4. e3 O-O 5. Bd3 d5 6. cxd5 exd5 7. Ne2 c6 8. O-O
Re8 9. Bd2 b6 10. Ng3 Ba6 11. Bxa6 Nxa6 12. Rc1 Qd7 13. Qa4 Qb7 14. a3 Bf8 15.
b4 Nc7 16. Rc2 b5 17. Qb3 Nd7 18. e4 Nb6 19. e5 Nc4 20. Nce2 a5 21. bxa5 Nxd2
22. Rxd2 Rxa5 23. Ra1 Rea8 24. Rda2 Ne6 25. a4 Qa7 26. Qc3 c5 27. dxc5 Bxc5 28.
Qf3 Rxa4 29. Nc3 Rxa2 30. Rxa2 Qb8 31. Qxd5 Rxa2 32. Nxa2 b4 33. Nc1 Bd4 34. Nf5
Bxe5 35. Ne7+ Kf8 36. Nc6 Bxh2+ 37. Kh1 Qd6 38. Qc4 Bf4 39. Nd3 b3 40. g3 Bd2
41. Nce5 f6 42. Nf3 Ba5 43. Qxb3 Qc6 44. Nf4 Nxf4 45. Qb8+ Kf7 46. Qxf4 Bd2 47.
Qf5 g6 48. Qd3 Bc3 49. Kg1 Be5 50. Qe3 Qe6 51. Qa7+ Qe7 52. Qxe7+ Kxe7 53. Kg2
Ke6 54. Nd2 Kd5 55. Kf3 Bc3 56. Ne4 Bd4 57. g4 Ke5 58. Ng3 Bb6 59. Ne4 h6 60.
Nc3 f5 61. gxf5 Kxf5 62. Nd5 Bc5 63. Nf4 g5 64. Ne2 Bd6 65. Nd4+ Kg6 66. Ne6 Bb8
67. Kg2 Ba7 68. Nc7 Kf5 69. Nd5 Bd4 70. f3 Ke5 71. Nb4 Be3 72. Kg3 Bd2 73. Nc6+
Kd5 74. Nd8 h5 75. Nf7 Bf4+ 76. Kh3 Ke6 77. Nxg5+ Bxg5 78. f4 Bf6 79. f5+ Ke5
80. Kg2 1/2-1/2

[Event "Reykjavik Open 2015"]
[Site "Reykjavik ISL"]
[Date "2015.03.16"]
[Round "8.42"]
[White "Halldorsson, Bragi"]
[Black "Shen, Victor C"]
[Result "0-1"]
[BlackTitle "IM"]
[WhiteElo "2140"]
[BlackElo "2401"]
[WhiteFideId "2300907"]
[BlackFideId "2028581"]
[EventDate "2015.03.10"]

1. d4 Nf6 2. c4 e6 3. Nc3 Bb4 4. f3 c5 5. d5 O-O 6. e4 d6 7. Bd3 b5 8. Ne2 bxc4
9. Bxc4 exd5 10. Bxd5 Nxd5 11. Qxd5 Qb6 12. O-O Nc6 13. Be3 Rd8 14. Rfd1 Be6 15.
Qg5 Bxc3 16. bxc3 Qb2 17. Bd2 Ne5 18. Nf4 f6 19. Qg3 Bf7 20. Nd5 Bxd5 21. exd5
Rab8 22. f4 Nc4 23. Qd3 Nxd2 24. Qxd2 Re8 25. Kf1 Re4 26. g3 Kf7 27. Rac1 Qa3
28. Rb1 Rbe8 29. Re1 Qa4 30. Kf2 Kg6 31. Kf3 h5 32. Qd3 f5 33. Qd2 Qc4 34. Kf2
h4 35. Rxe4 hxg3+ 36. hxg3 fxe4 37. Re1 Rh8 38. Kg2 Re8 39. Kf2 a5 40. g4 e3+ 0-1

[Event "Reykjavik Open 2015"]
[Site "Reykjavik ISL"]
[Date "2015.03.16"]
[Round "8.91"]
[White "Gaarder, Hans K."]
[Black "Stuhr, Peter Sebastian"]
[Result "0-1"]
[WhiteElo "1701"]
[BlackElo "1973"]
[WhiteFideId "1510479"]
[BlackFideId "1426729"]
[EventDate "2015.03.10"]

1. d4 d6 2. e4 Nf6 3. Nc3 e5 4. dxe5 dxe5 5. Qxd8+ Kxd8 6. Bg5 Be6 7. O-O-O+ Nd7
8. Nf3 Kc8 9. Bb5 c6 10. Bd3 Kc7 11. h3 Bb4 12. a3 Bxc3 13. bxc3 b5 14. Be3 h6
15. Nd2 Nb6 16. Bxb6+ axb6 17. Kb2 Ra4 18. Ra1 Rha8 19. Rhe1 Ne8 20. g4 Nd6 21.
f3 Nb7 22. h4 Nc5 23. Be2 R4a7 24. g5 hxg5 25. hxg5 Na4+ 26. Kc1 Nxc3 27. Kb2
Na4+ 28. Kc1 Nc5 29. Kb2 g6 30. Nb1 b4 31. Bf1 b5 32. Re3 Bc4 33. Bxc4 bxc4 34.
axb4 Rxa1 35. bxc5 R8a2+ 36. Kc1 Ra5 37. Kb2 R1a2+ 38. Kc1 Rb5 39. Nc3 Ra1+ 40.
Kd2 Rxc5 41. Nd1 Rb5 42. Re2 Rbb1 43. Ne3 Kd7 44. Nxc4 Ke6 45. Kc3 Rf1 46. Nd2
Rae1 47. Rh2 Rh1 48. Rf2 Rhg1 49. f4 Re3+ 50. Kc4 exf4 51. Rxf4 Rxg5 52. Kd4
Rgg3 53. Nc4 Ref3 54. Rh4 Rf2 55. Rh8 Rxc2 56. Re8+ Kd7 57. Ra8 c5+ 58. Kxc5
Rgc3 59. Ra7+ Ke6 60. Ra4 g5 61. Kd4 Rxc4+ 62. Rxc4 Rxc4+ 63. Kxc4 Ke5 64. Kd3
Kf4 65. e5 Kf3 0-1

[Event "Reykjavik Open 2015"]
[Site "Reykjavik ISL"]
[Date "2015.03.16"]
[Round "8.96"]
[White "Hauksdottir, Hrund"]
[Black "Undheim, Bjarne"]
[Result "1-0"]
[WhiteElo "1692"]
[BlackElo "1926"]
[WhiteFideId "2302608"]
[BlackFideId "1506862"]
[EventDate "2015.03.10"]

1. e4 d5 2. exd5 Nf6 3. Nc3 Nxd5 4. Bc4 Nb6 5. Bb3 Nc6 6. Nf3 Bf5 7. O-O e6 8.
d3 Be7 9. Bf4 g5 10. Be5 f6 11. Bg3 h5 12. h4 Bg4 13. Nb5 Bd6 14. Nxd6+ cxd6 15.
hxg5 fxg5 16. Qe1 e5 17. Qe3 Bxf3 18. Qxf3 Qe7 19. c3 Qh7 20. Qf6 Kd7 21. d4 h4
22. Bh2 h3 23. Be6+ Kc7 24. Bf5 hxg2 25. Bxh7 gxf1=Q+ 26. Rxf1 Rxh7 27. dxe5
Rah8 28. exd6+ Kc8 29. Bg3 Nd7 30. Qe6 Rh6 31. Qf5 Rh5 32. Kg2 Ne5 33. Qe6 g4
34. Re1 Nc6 35. Qg6 Nd8 36. Re7 R5h6 37. Qxg4 1-0

[Event "Reykjavik Open 2015"]
[Site "Reykjavik ISL"]
[Date "2015.03.16"]
[Round "8.106"]
[White "Ontiveros, John"]
[Black "Sandberg, Martin"]
[Result "0-1"]
[WhiteElo "1774"]
[BlackElo "1889"]
[WhiteFideId "2303981"]
[BlackFideId "1707159"]
[EventDate "2015.03.10"]

1. d4 Nf6 2. c4 e6 3. Nc3 Bb4 4. Qc2 c5 5. e3 O-O 6. Bd3 Nc6 7. Ne2 d5 8. a3
dxc4 9. Bxc4 cxd4 10. axb4 dxc3 11. bxc3 Ne5 12. Bb5 a6 13. O-O Qc7 14. Ng3 Nd5
15. Bb2 Nxb4 16. Qe4 Nbc6 17. Nh5 f5 18. Qf4 Qf7 19. Be2 Ng6 20. Qg3 f4 21. Qf3
Nce5 22. Qe4 Qf5 23. Qd4 f3 24. Ng3 Qg5 25. gxf3 Nh4 26. Qe4 Nhxf3+ 27. Bxf3
Nxf3+ 28. Kg2 Nd2 29. f4 Qh6 30. Qe5 Nxf1 31. Rxf1 Rd8 32. Rf2 Bd7 33. e4 Bc6
34. Ne2 Qg6+ 35. Ng3 h5 36. h4 Rd3 37. Qg5 Bxe4+ 38. Kh2 Rad8 39. c4 Qxg5 40.
fxg5 Rd2 0-1

[Event "Reykjavik Open 2015"]
[Site "Reykjavik ISL"]
[Date "2015.03.17"]
[Round "9.1"]
[White "L'Ami, Erwin"]
[Black "Melkumyan, Hrant"]
[Result "1-0"]
[WhiteTitle "GM"]
[BlackTitle "GM"]
[WhiteElo "2605"]
[BlackElo "2676"]
[WhiteFideId "1007998"]
[BlackFideId "13302485"]
[EventDate "2015.03.10"]

1. d4 Nf6 2. c4 g6 3. Nc3 d5 4. cxd5 Nxd5 5. e4 Nxc3 6. bxc3 Bg7 7. Nf3 c5 8.
Rb1 O-O 9. Be2 Nc6 10. d5 Ne5 11. Qc2 Nxf3+ 12. Bxf3 Qa5 13. Bd2 c4 14. O-O b5
15. Rfe1 Be5 16. g3 Bh3 17. Bg2 Bxg2 18. Kxg2 Rfd8 19. Red1 Rab8 20. Bf4 Bxf4
21. gxf4 Qc7 22. Qc1 a5 23. a3 b4 24. axb4 axb4 25. Rxb4 Rxb4 26. cxb4 c3 27.
Qe3 Rb8 28. Rc1 c2 29. Qd2 Qc4 30. Qxc2 Qxb4 31. Qd3 Qa4 32. Rc4 Qd7 33. h3 Qd6
34. e5 Qd7 35. Rd4 Qb7 36. f5 Rd8 37. Kh2 Qb2 38. Qe3 Qc2 39. fxg6 hxg6 40. d6
exd6 41. exd6 Qf5 42. f4 Rd7 43. Kg3 Kh7 44. Rd2 Qb1 45. Qd4 Qe1+ 46. Kg2 Qe6
47. Qe5 Qc4 48. f5 Qc6+ 49. Kh2 Qf3 50. fxg6+ fxg6 51. Qd4 Qf5 52. Re2 g5 53.
Re5 Qg6 54. Rd5 Qe6 55. Qd2 Qf6 56. Kg2 Qg6 57. Kg3 Qf6 58. Qd3+ Kg7 59. Qd2 Kg6
60. Kg2 Kh7 61. Qe2 Kg7 62. h4 Rxd6 63. hxg5 Qe6 64. Qb2+ Kf7 65. Qb7+ Qe7 66.
Rf5+ Ke8 67. Qb8+ Qd8 68. Qb5+ Qd7 69. Qb8+ Qd8 70. Qb5+ Qd7 71. Qe2+ Kd8 72.
Rf8+ Kc7 73. Qc4+ Rc6 74. Qf4+ Qd6 75. Kg3 Kd7 76. Qxd6+ Rxd6 77. Kg4 Ke7 78.
Rf1 Rd8 79. Kh5 Rg8 80. Kh6 1-0

[Event "Reykjavik Open 2015"]
[Site "Reykjavik ISL"]
[Date "2015.03.17"]
[Round "9.3"]
[White "Naroditsky, Daniel"]
[Black "Hammer, Jon Ludvig"]
[Result "1/2-1/2"]
[WhiteTitle "GM"]
[BlackTitle "GM"]
[WhiteElo "2633"]
[BlackElo "2651"]
[WhiteFideId "2026961"]
[BlackFideId "1503707"]
[EventDate "2015.03.10"]

1. d4 Nf6 2. c4 e6 3. Nc3 d5 4. cxd5 exd5 5. Bg5 c6 6. e3 Bf5 7. Qf3 Bg6 8. Bxf6
Qxf6 9. Qxf6 gxf6 10. h4 h5 11. Kd2 Nd7 12. Bd3 Bd6 13. Nge2 Kf8 14. g3 Bxd3 15.
Kxd3 f5 16. Nf4 Nf6 17. Ke2 Bxf4 18. gxf4 Ne8 19. Rhg1 Nd6 20. Na4 f6 21. Rg6
Kf7 22. Rag1 Rag8 23. Rxg8 Rxg8 24. Rxg8 Kxg8 25. Nc5 Kf7 26. f3 Ke7 27. Nd3 Nf7
28. Nf2 Nh8 29. Nh1 Ng6 30. Ng3 Nxh4 31. Nxh5 1/2-1/2

[Event "Reykjavik Open 2015"]
[Site "Reykjavik ISL"]
[Date "2015.03.17"]
[Round "9.4"]
[White "Fier, Alexandr"]
[Black "Jones, Gawain C B"]
[Result "1/2-1/2"]
[WhiteTitle "GM"]
[BlackTitle "GM"]
[WhiteElo "2601"]
[BlackElo "2642"]
[WhiteFideId "2107139"]
[BlackFideId "409561"]
[EventDate "2015.03.10"]

1. d4 Nf6 2. c4 g6 3. Nc3 Bg7 4. e4 d6 5. Be2 O-O 6. Bg5 Na6 7. f4 c6 8. Qd2 Nc7
9. Bf3 d5 10. cxd5 cxd5 11. e5 Ne4 12. Nxe4 dxe4 13. Bxe4 f6 14. Bh4 fxe5 15.
fxe5 Bxe5 16. Nf3 Bf4 17. Qd3 Nd5 18. O-O Bf5 19. Rae1 Qd6 20. Qb3 e6 21. g3 Bh6
22. Be7 Nxe7 23. Bxf5 Rxf5 24. Rxe6 Qd5 25. Rxe7 Qxb3 26. axb3 Raf8 27. Kg2 Rb5
28. Ne5 Rxb3 29. Rxf8+ Bxf8 30. Rd7 a5 31. Rd8 Kg7 32. Rd7+ Kg8 33. Rd8 Kg7 1/2-1/2

[Event "Reykjavik Open 2015"]
[Site "Reykjavik ISL"]
[Date "2015.03.17"]
[Round "9.6"]
[White "Movsesian, Sergei"]
[Black "Grover, Sahaj"]
[Result "1/2-1/2"]
[WhiteTitle "GM"]
[BlackTitle "GM"]
[WhiteElo "2665"]
[BlackElo "2519"]
[WhiteFideId "310204"]
[BlackFideId "5021103"]
[EventDate "2015.03.10"]

1. e4 e6 2. d4 d5 3. Nd2 c5 4. exd5 Qxd5 5. Ngf3 cxd4 6. Bc4 Qd8 7. O-O Nc6 8.
Nb3 a6 9. a4 Nf6 10. Qe2 Bd6 11. Rd1 Qe7 12. Nbxd4 Nxd4 13. Rxd4 e5 14. Rxd6
Qxd6 15. b3 Be6 16. Ba3 Bxc4 17. Qxc4 Qd5 18. Qc3 Nd7 19. Re1 f6 20. Nd2 Kf7 21.
Ne4 Rhd8 22. Qf3 Nf8 23. h4 Rac8 24. Qh5+ Kg8 25. Be7 Rd7 26. Qg4 Kf7 27. Nd6+
Rxd6 28. Bxd6 Ne6 29. Rd1 Qc6 30. Ba3 Rd8 1/2-1/2